000 00835 a2200253 4500
999 _c9089
_d9089
020 _a0855984880
050 _aHG178.33 FIS 2002
100 _aFisher THOMAS
_eAuthor
245 _aBeyond micro-credit:
_bputting development back into micro-finance
264 _aNew Delhi
_bVistaar Publications
300 _a390p.
_bill.
500 _aIncludes glossary, bibliography and index
650 _aFinance
_xEconomic development
650 _aFinance
_xcommercial credit
650 _aFinance
_xSmall business finance
650 _aFinance
_xMicro-finance
700 _aS.M. Sriram
_eAuthor
700 _aMathew Titus
_eContributor
700 _aSanjay Sinha
_eContributor
700 _aFrances Sinha
_eContributor
700 _aMalcolm Harper
_econtributor
700 _aAjit Kanitkar
_eContributor
942 _2lcc
_cBK
_h178.33
_iFIS
_kHG